Missing Word: CBS Shows (2000s) Quiz Stats

 Plays Quiz Updated May 1, 2017

Challenge
Share
Tweet
Embed
Score 0/24 Timer 02:00
0 Plays Today
Television Series Missing Word % Correct
The Big _____ TheoryBang
98.7%
_____ and a Half MenTwo
98%
How I _____ Your MotherMet
97.4%
_____ a TraceWithout
96.9%
The _____ WifeGood
86.7%
Cold _____Case
86.3%
Rules of _____Engagement
84.3%
_____ WhispererGhost
83.8%
The _____ Late Show with Craig FergusonLate
83.8%
The _____ RaceAmazing
78.7%
Let's Make a _____Deal
77.3%
_____ MindsCriminal
76%
Television Series Missing Word % Correct
Eleventh _____Hour
75.1%
_____ BrotherBig
71.8%
The New _____ of Old ChristineAdventures
64.4%
Joan of _____Arcadia
62.7%
Yes, _____Dear
60.2%
_____ on PurposeAccidentally
28.1%
That's _____Life
27.6%
_____ of PracticeOut
18.6%
Greatest _____ DogAmerican
12.8%
Gary _____Unmarried
12%
Madam _____Secretary
5.9%
Miami _____Medical
1.4%

Today's Daily Dose

You're not logged in!

Compare scores with friends on all Sporcle quizzes.
Join for Free
OR
Log In

You Might Also Like...

Show Comments

Extras

Top Quizzes Today


Score Distribution

Your Account Isn't Verified!

In order to create a playlist on Sporcle, you need to verify the email address you used during registration. Go to your Sporcle Settings to finish the process.

Report this User

Report this user for behavior that violates our Community Guidelines.

Details: